| 000 | 00341nam a22001337a 4500 | ||
|---|---|---|---|
| 020 | _a978-93-52530-15-1 | ||
| 082 | _a425 | ||
| 100 | _aWren, P. C. | ||
| 245 | _aKey to High School English Grammar & Composition | ||
| 260 |
_aNew Delhi: _bVikas Publishing House, _c2024. |
||
| 300 | _a136p.: ill.; 26cm | ||
| 700 | _aMartin, H. | ||
| 942 | _cBK | ||
| 999 |
_c22128 _d22128 |
||